Normal view MARC view
  • Radhika Rishi S - 2k131138; Prof. Pranita Sonar - Guide & [Company Name] - GKTCS

Entry Personal Name

Number of records used in: 1

001 - CONTROL NUMBER

  • control field: 103241

003 - CONTROL NUMBER IDENTIFIER

  • control field: OSt

005 - DATE AND TIME OF LATEST TRANSACTION

  • control field: 20221007220508.0

008 - FIXED-LENGTH DATA ELEMENTS

  • fixed length control field: 221007|| aca||aabn | a|a d

040 ## - CATALOGING SOURCE

  • Original cataloging agency: OSt
  • Transcribing agency: OSt

100 ## - HEADING--PERSONAL NAME

  • Personal name: Radhika Rishi S - 2k131138; Prof. Pranita Sonar - Guide & [Company Name] - GKTCS

670 ## - SOURCE DATA FOUND

  • Source citation: Work cat.: (OSt)73573: Radhika Rishi S - 2k131138; Prof. Pranita Sonar - Guide & [Company Name] - GKTCS, Study of Job Portal for GKTCS, Sep-14